Historia de las Indias (Record no. 3656)

MARC details
000 -CABECERA
campo de control de longitud fija 01109nam a2200301 a 4500
001 - NÚMERO DE CONTROL
campo de control BRCA_3929
005 - FECHA Y HORA DE LA ÚLTIMA TRANSACCIÓN
campo de control 20190320204459.0
008 - DATOS DE LONGITUD FIJA--INFORMACIÓN GENERAL
campo de control de longitud fija 110110s1877----mx-a######---#000-0#spa-#
041 ## - CÓDIGO DE LENGUA
Código de lengua del texto/banda sonora o título independiente spa
044 ## - CÓDIGO DEL PAÍS DE LA ENTIDAD EDITORA/PRODUCTORA
Código MARC del país mx
050 #4 - SIGNATURA TOPOGRÁFICA DE LA BIBLIOTECA DEL CONGRESO
Número de clasificación F1411
Número de documento/Ítem .C37 1 1877
100 1# - ENTRADA PRINCIPAL--NOMBRE DE PERSONA
Nombre de persona Casas, Fray Bartolome de las
Fechas asociadas al nombre 1474-1566
9 (RLIN) 8116
245 10 - MENCIÓN DE TÍTULO
Título Historia de las Indias
Mención de responsabilidad, etc. escrita por Fray Bartolomé de las Casas, Obispo de Chiapas ; José M. Vigil, editor.
260 ## - PUBLICACIÓN, DISTRIBUCIÓN, ETC.
Lugar de publicación, distribución, etc. México
Nombre del editor, distribuidor, etc. Imprenta y Litografía de Ireneo Paz
Fecha de publicación, distribución, etc. 1877
300 ## - DESCRIPCIÓN FÍSICA
Extensión 2 v.
Otras características físicas il.
Dimensiones 29 cm.
440 #0 - MENCIÓN DE SERIE/PUNTO DE ACCESO ADICIONAL--TÍTULO
Título Biblioteca mexicana
9 (RLIN) 10221
500 ## - NOTA GENERAL
Nota general Incluye juicios críticos y citas notables
500 ## - NOTA GENERAL
Nota general Ejemplar igual a D135
500 ## - NOTA GENERAL
Nota general C80
600 14 - PUNTO DE ACCESO ADICIONAL DE MATERIA--NOMBRE DE PERSONA
Nombre de persona Cristobal Colón
Subdivisión general Trabajos recientes a 1800
9 (RLIN) 10222
650 14 - PUNTO DE ACCESO ADICIONAL DE MATERIA--TÉRMINO DE MATERIA
Término de materia o nombre geográfico como elemento de entrada Indios
Subdivisión general Tratamiento
Subdivisión geográfica América Latina
9 (RLIN) 10223
650 14 - PUNTO DE ACCESO ADICIONAL DE MATERIA--TÉRMINO DE MATERIA
Término de materia o nombre geográfico como elemento de entrada Tratado de Indias
Subdivisión general Trabajos recientes a 1800
9 (RLIN) 10224
651 #4 - PUNTO DE ACCESO ADICIONAL DE MATERIA--NOMBRE GEOGRÁFICO
Nombre geográfico España
Subdivisión general Colonias
Subdivisión cronológica Trabajos recientes a 1800
Subdivisión geográfica América
9 (RLIN) 10225
651 #4 - PUNTO DE ACCESO ADICIONAL DE MATERIA--NOMBRE GEOGRÁFICO
Nombre geográfico América
Subdivisión general Descubrimientos y exploraciones
9 (RLIN) 10226
700 1# - PUNTO DE ACCESO ADICIONAL--NOMBRE DE PERSONA
Nombre de persona Vigil, José M.
Término indicativo de función/relación Editor
9 (RLIN) 10227
902 ## - CATALOGADOR
Iniciales GFM
942 ## - ELEMENTOS DE PUNTO DE ACCESO ADICIONAL (KOHA)
Fuente del sistema de clasificación o colocación Library of Congress Classification
Tipo de ítem Koha Libros
Holdings
Estado de retiro Estado de pérdida Estado dañado No para préstamo Localización permanente Ubicación/localización actual Fecha de adquisición Número de inventario Total de préstamos Signatura topográfica completa Código de barras Fecha visto por última vez Precio válido a partir de Tipo de ítem Koha
El ejemplar forma parte de la colección y puede ser consultado según las políticas vigentes.       Biblioteca del Museo Franz Mayer (Rogerio Casas-Alatriste) Biblioteca del Museo Franz Mayer (Rogerio Casas-Alatriste) 11/01/2010 C80   F1411 .C37 1 1877 (C80) 3926 22/03/2019 22/03/2019 Libros